Invertebrates. / (Record no. 6874)

MARC details
000 -LEADER
fixed length control field 01371nam a22001817a 4500
008 - FIXED-LENGTH DATA ELEMENTS--GENERAL INFORMATION
fixed length control field 190806b xxu||||| |||| 00| 0 eng d
020 ## - INTERNATIONAL STANDARD BOOK NUMBER
International Standard Book Number 0878930981
050 ## - LIBRARY OF CONGRESS CALL NUMBER
Classification number QL362.B924
100 ## - MAIN ENTRY--PERSONAL NAME
Personal name Brusca, Richard C.
245 ## - TITLE STATEMENT
Title Invertebrates. /
Statement of responsibility, etc. Richard C. Brusca.
260 ## - PUBLICATION, DISTRIBUTION, ETC.
Place of publication, distribution, etc. Sunderland:
Name of publisher, distributor, etc. Sinauer,
Date of publication, distribution, etc. 1990.
300 ## - PHYSICAL DESCRIPTION
Extent xviii, 922 p.:
Other physical details ill.;
Dimensions 29 cm
500 ## - GENERAL NOTE
General note Includes index.
505 ## - FORMATTED CONTENTS NOTE
Formatted contents note Contents: Introduction -- Classification, systematics, and phylogeny -- Animal architecture and the Bauplan concept -- The metazoa: Development, life histories, and phylogeny -- The protozoa -- Four phyla of Uncertain affinity -- Phylum porifera: The sponges -- Phylum cnidaria -- Phylum ctenophora: The comb jellies -- Phylum platyhelminthes -- Phylum nemertea: The ribbon worms -- "Pseudocoelomates," priapulans, gnathostomulids, and loriciferans -- Phylum annelida: The segmented worms -- Four phyla of coelomate worms -- Four phyla of coelomate worms -- Phylum arthropoda: The arthropod bauplan and the trilobites -- Phylum arthropoda: The cheliceriformes -- Phylum arthropoda: The insects and myriapods -- Three enigmatic groups and a review of arthropod phylogeny -- Phylum mollusca -- Other deuterostomes: Chaetognatha, hemichordata, chordata -- Perspectives on invertebrate phylogeny.
700 ## - ADDED ENTRY--PERSONAL NAME
Personal name Brusca, Richard C.
700 ## - ADDED ENTRY--PERSONAL NAME
Personal name Brusca, Gary J.
942 ## - ADDED ENTRY ELEMENTS (KOHA)
Source of classification or shelving scheme Library of Congress Classification
Koha item type Books
Holdings
Withdrawn status Lost status Source of classification or shelving scheme Damaged status Not for loan Home library Current library Date acquired Total Checkouts Full call number Barcode Date last seen Price effective from Koha item type
    Library of Congress Classification     WISCONSIN INTERNATIONAL UNIVERSITY COLLEGE, GHANA - MAIN LIBRARY WISCONSIN INTERNATIONAL UNIVERSITY COLLEGE, GHANA - MAIN LIBRARY 07/08/2019   QL362.B924 NURS/597/259/19 07/08/2019 07/08/2019 Books

If you have any concerns or questions; kindly contact the library


© Powered by WIUC ICT DIRECTORATE